000
00279nam a2200097Ia 4500
008
230907s9999||||xx |||||||||||||| ||und||
082
_a
620,RES
245
4
_a
The research report on application of low-carbon technology in Expo 2010 Shanghai.
300
_a
xv, 247p.:
942
_c
BK
999
_c
597470
_d
597470